| 000 | 01474nam2a2200265 4500 | ||
|---|---|---|---|
| 001 | RU\NLR\BIBL_A\011133088 | ||
| 005 | 20250625210021.0 | ||
| 010 |
_a978-5-89476-412-2 _9950 |
||
| 021 |
_aRU _b2016-35886 _92304 |
||
| 035 | _a(NLR Aleph) 011133088 | ||
| 090 |
_a11579045 _c11579045 |
||
| 100 | _a20160520d2015 |||y0rusy50 ca | ||
| 101 | 0 | _arus | |
| 102 | _aRU | ||
| 105 | _ay i 001yy | ||
| 200 | 0 |
_a2015 _fФедер. служба гос. статистики (Росстат) _g[редкол.: А. Е. Суринов (пред.) и др.] |
|
| 210 |
_aМосква _cСтатистика России _d2015 |
||
| 215 |
_a725 с. _e1 электрон. опт. диск (CD-ROM) |
||
| 320 | _aПредм.-алф. указ.: с. 716-723 | ||
| 461 | 0 |
_1001RU\NLR\bibl\235254 _12001#$aРоссийский статистический ежегодник$eСтат. сб.$fГос. ком. Рос. Федерации по статистике (Госкомстат России)$v2015 _91345465 _cМ. _d2001 _e[Офиц. изд.] _fГос. ком. Рос. Федерации по статистике (Госкомстат России) _lRussian statistical yearbook _nГоскомстат России _oСтат. сб. _tРоссийский статистический ежегодник _v2015 |
|
| 702 | 1 |
_aСуринов _bА. Е. _f1958- _gАлександр Евгеньевич _4340 |
|
| 942 | _cBOOK | ||
| 980 | _aNB | ||